000 00762nam a2200241 a 4500
001 25516
003 CO-ViMGA
008 141112s2004 ck r 000 u spa d
015 _ack - 2010 - xxxx
020 _a9789583033698
040 _aCO-ViMGA
_bspa
_cCO-ViMGA
082 0 4 _a305.235 N42s2
100 1 _aNieto Martínez, Carla
_938966
245 1 0 _aSexo para descubrir a las chicas /
_c[textos Carla Nieto Martínez]
260 _aBogotá :
_bPanAméricana,
_cc2010
300 _a63 p. : il. ; 29 cm
490 _aSexo juvenil
490 _aSexo juvenil
650 1 4 _aMujeres adolescentes - Aspectos fisiológicos - Guías
_938967
650 1 4 _aSexualidad
942 _2ddc
_cBK
990 _aPanAméricana Editorial 2 ejemplares 21 08/04/2011 n a758197
999 _c33099
_d33099